Music Quiz

Random Music or Kpop Quiz
Score 0/40 Timer 15:00
0 Plays Today
% Correct
IDOL - BTS
95.7%
BBoom BBoom - MOMOLAND
91%
FAKE LOVE - BTS
87.6%
Dance The Night Away - TWICE
85.4%
Shoot Me - Day6
81.3%
Bad Boy - Red Velvet
79.8%
BAAM - MOMOLAND
79%
Dally (feat. GRAY) - HYOLYN
76%
Oh My! - SEVENTEEN
74.7%
SOLO - JENNIE
73.2%
Roller Coaster - CHUNG HA
70.6%
Daydream - j-hope
67.4%
La Vie en Rose - IZ*ONE
67.4%
Lil' Touch - Girls' Generation-Oh!GG
67.2%
What is Love? - TWICE
66.1%
Hi High - LOOΠΔ
58.2%
I Love You - EXID
58.1%
Wow Thing - SEULGI, SinB, CHUNG HA, SOYEON
57.9%
Time for the moon night - GFRIEND
55.8%
Shine - PENTAGON
50.9%
% Correct
LOVE BOMB - fromis_9
47.4%
KILLING ME - iKON
47%
April Fools (0401) - Jimin Park
46.4%
YES or YES - TWICE
46.1%
GO - NCT Dream
44.2%
Hot Potato - N.Flying
43.1%
Not That Type - gugudan
42.1%
love4eva (feat. Grimes) - LOOΠΔ yyxy
39.5%
ONE SHOT TWO SHOT - BoA
37.8%
BAE - HYOLYN
30.9%
Save Me, Save You - WJSN
29.8%
Love Line - TVXQ!
29%
I'm Your Girl ? - KHAN
27%
Wind Flower - Mamamoo
25.5%
Cherry On Top - 10시 45분 (The Unit)
24.9%
RBB (Really Bad Boy) - Red Velvet
24.5%
Take Me Higher - A.C.E
24.3%
Oh! my mistake - APRIL
24%
Thank U Soooo Much - Yubin
20.6%
SObeR - Suzy
18.4%
Remove Ads.
Support Sporcle.
Get the best of Sporcle when you Go Orange. This ad-free experience offers more features, more stats, and more fun while also helping to support Sporcle. Thank you for becoming a member.

You're not logged in!

Compare scores with friends on all Sporcle quizzes.
OR
Log In

Show Comments

Extras

Top Quizzes Today


Score Distribution

Your Account Isn't Verified!

In order to create a playlist on Sporcle, you need to verify the email address you used during registration. Go to your Sporcle Settings to finish the process.

Report this User

Report this user for behavior that violates our Community Guidelines.

Details: